Deutsches Institut für Wirtschaftsforschung Wochenbericht

Guardado en:
Detalles Bibliográficos
Formato: Seriadas
Lenguaje:alemán
Publicado: Berlin Deutsches Institut für Wirtschaftsforschung 2001
Etiquetas: Agregar Etiqueta
Sin Etiquetas, Sea el primero en etiquetar este registro!

MARC

LEADER 00000nas2a2200000 4500
001 0006515
005 20160720111954.0
041 0 |a ger 
044 |a DE 
245 1 0 |a Deutsches Institut für Wirtschaftsforschung  |b Wochenbericht 
264 1 |a Berlin  |b Deutsches Institut für Wirtschaftsforschung  |c 2001 
300 |a 2 zv. 
773 0 |w eu_un_cat*s120122